[Event "Titled Tuesday intern op 16th Apr Late"]
[Site "Chess.com INT"]
[Date "2024.04.16"]
[Round "1"]
[White "Stone, Vincent W"]
[Black "Floresvillar Gonzalez, Luis Miguel"]
[Result "1/2-1/2"]
[WhiteElo "1982"]
[BlackElo "2019"]
[PlyCount "124"]
[EventDate "2024.04.16"]
[EventType "swiss (blitz)"]
[EventRounds "11"]
[EventCountry "USA"]
[SourceTitle "CB17_2024"]
[SourceDate "2024.04.24"]
[SourceVersion "1"]
[SourceVersionDate "2024.04.24"]
[SourceQuality "1"]

1. e4 c6 2. d4 d5 3. Nd2 dxe4 4. Nxe4 Bf5 5. Ng3 Bg6 6. h4 h6 7. Nf3 Nd7 8. h5 Bh7 9. Bd3 Bxd3 10. Qxd3 e6 11. Bd2 Qb6 12. 0-0-0 Ngf6 13. Ne4 Nxe4 14. Qxe4 Bb4 15. Bf4 0-0-0 16. Ne5 Nxe5 17. Bxe5 Rhg8 18. Rh3 Bd6 19. Rb3 Qc7 20. Rbd3 Bxe5 21. dxe5 Rxd3 22. Rxd3 Rd8 23. Rxd8+ Qxd8 24. f4 Qh4 25. b3 Qxh5 26. Kb2 Qg6 27. Qb4 h5 28. a4 a6 29. Qf8+ Kc7 30. Qd6+ Kc8 31. b4 h4 32. Qf8+ Kc7 33. Qe7+ Kc8 34. Qxh4 Qxg2 35. Qe7 Qg6 36. Kc3 Qf5 37. Qf8+ Kc7 38. Qd6+ Kc8 39. Qf8+ Kd7 40. Qb8 Qxf4 41. Qxb7+ Kd8 42. Qb8+ Kd7 43. Qd6+ Kc8 44. Qxc6+ Kd8 45. Qb6+ Kd7 46. Qd6+ Ke8 47. b5 axb5 48. axb5 Qf3+ 49. Kb4 Qe4+ 50. c4 Qe1+ 51. Kc5 Qe3+ 52. Kc6 Qe4+ 53. Kc5 Qe3+ 54. Kb4 Qe1+ 55. Ka4 Qa1+ 56. Kb3 Qb1+ 57. Kc3 Qe1+ 58. Kd4 Qf2+ 59. Kd3 Qf3+ 60. Kc2 Qe2+ 61. Kb3 Qe3+ 62. Kb4 Qe1+ 1/2-1/2